[Event "Poznan op 24th"]
[Site "Poznan"]
[Date "2016.08.15"]
[Round "9"]
[White "Musielak, Sebastian"]
[Black "Szafranski, Piotr"]
[Result "0-1"]
[WhiteElo "1319"]
[BlackElo "1331"]
[PlyCount "52"]
[EventDate "2016.08.08"]
[EventType "swiss"]
[EventRounds "9"]
[EventCountry "POL"]
[SourceTitle "EXT 2017"]
[Source "ChessBase"]
[SourceDate "2016.10.25"]
[SourceVersion "1"]
[SourceVersionDate "2016.10.25"]
[SourceQuality "1"]

1. e4 c5 2. Nf3 e6 3. c4 Nc6 4. d4 cxd4 5. Nxd4 a6 6. a3 Qc7 7. Be2 Nf6 8. Nc3 Be7 9. 0-0 0-0 10. Be3 Rd8 11. b4 Ne5 12. Bf4 d6 13. Qb3 b6 14. Rfd1 Bb7 15. f3 Rac8 16. Bxe5 dxe5 17. Nc2 h6 18. Ne3 Nh5 19. g3 Bg5 20. Na4 Rd4 21. Nc2 Rdd8 22. f4 exf4 23. Bxh5 fxg3 24. hxg3 Bxe4 25. Rf1 Rd3 26. Bxf7+ Kh8 0-1

[Event "Poznan op 24th"]
[Site "Poznan"]
[Date "2016.08.09"]
[Round "2"]
[White "Wojdak, Jan"]
[Black "Musielak, Sebastian"]
[Result "1-0"]
[WhiteElo "1681"]
[BlackElo "1319"]
[PlyCount "33"]
[EventDate "2016.08.08"]
[EventType "swiss"]
[EventRounds "9"]
[EventCountry "POL"]
[SourceTitle "CBM 173 Extra"]
[Source "ChessBase"]
[SourceDate "2016.08.29"]
[SourceVersion "1"]
[SourceVersionDate "2016.08.29"]
[SourceQuality "1"]

1. e4 e6 2. d4 d5 3. Nd2 Nf6 4. e5 Nfd7 5. Bd3 c5 6. c3 Nc6 7. Ne2 Qb6 8. Nf3 Be7 9. 0-0 c4 10. Bc2 f6 11. exf6 Nxf6 12. Nf4 Bd7 13. Re1 Nd8 14. Ne5 Rc8 15. Nh5 Kf8 16. Nxf6 Bxf6 17. Nxd7+ 1-0